Normal view
MARC view
- Muhammad Ali
Entry Personal Name
001 - CONTROL NUMBER
- control field: 3274
003 - CONTROL NUMBER IDENTIFIER
- control field: NUST
005 - DATE AND TIME OF LATEST TRANSACTION
- control field: 20170713132655.0
008 - FIXED-LENGTH DATA ELEMENTS
- fixed length control field: 170713|| aca||aabn | a|a d
040 ## - CATALOGING SOURCE
- Original cataloging agency: NUST
- Transcribing agency: NUST
100 ## - HEADING--PERSONAL NAME
- Personal name: Muhammad Ali
670 ## - SOURCE DATA FOUND
- Source citation: Work cat.: (NUST): Muhammad Ali, Th-PhD-Engineering resistance against barley yellow dwarf virus (bydv) in a model plant , 2017.
